| 000 | 00484nam a2200169Ia 4500 | ||
|---|---|---|---|
| 003 | GCL | ||
| 008 | 140319s9999 xx 000 0 aFre d | ||
| 040 |
_aGCL / _cGCL |
||
| 082 | 0 | 4 |
_aCC _b916.2 _bS M |
| 100 | 1 | _aOMAR, TOUSSAUN | |
| 245 | 1 | 0 |
_aMEMOIRE SUR L'HISTOIRE DU NIL ( VOL.66 , 67 ) / _cOMAR, TOUSSAUN |
| 260 |
_a[S.N] : _bINSTITUTE FOR THE HISTORY OF ARABIC SCIE ، _c1992 |
||
| 650 | 0 | 4 | _aGEOGRAPHY |
| 650 | 0 | 4 | _aRIVER NILE |
| 650 | 0 | 4 | _aGEOGRAPHY - EGYPT |
| 942 |
_2ddc _cBK |
||
| 999 |
_c16126 _d16126 |
||